000 00323nam a2200145Ia 4500
008 150201s2012 xx 000 0 und d
082 _a610.7365
_bM12P
100 _aPAL , G.P.
245 _aMEDICAL GENETICS
250 _a2ND
260 _bAITBS
_aDELHI
_c2012
300 _a207
650 _aANATOMY
942 _2ddc
_cBK
_06
999 _c1943
_d1943